| 000 | 02343nam a22002777a 4500 | ||
|---|---|---|---|
| 003 | PE SENCICO BE | ||
| 005 | 20251020182636.0 | ||
| 008 | 230509b |||||||| |||| 00| 0 eng d | ||
| 020 | _a978-84-342-3370-6 | ||
| 040 |
_aPE SENCICO BE _cPE SENCICO BE |
||
| 041 | _aspa | ||
| 082 |
_a751.422 _bA |
||
| 245 | 1 |
_aAcuarela creativa : _btécnicas creativas / _ctextos, Josep Asunción y Gemma Guasch |
|
| 250 | _a1a ed. | ||
| 260 |
_aBarcelona : _bParramón, _c2008 |
||
| 300 |
_a143 p. : _bil. col., lams., _c28 cm. |
||
| 520 | 3 | _aEste libro se dirige a los artistas aficionados o con conocimientos previos que tienen inquietud por descubrir las posibilidades creativas de la acuarela. En él se explican con detalle todas las técnicas de este medio, permitiendo descubrir un rico campo de experimentación donde los materiales, los aplicadores y los procedimientos generan resultados variados y sorprendentes. Se exponen catorce técnicas distintas para pintar a la acuarela con las que se podrá experimentar a fondo y de forma práctica a partir de una propuesta creativa diseñada específicamente para sacar el máximo partido de nuestras posibilidades artísticas. Cada propuesta parte, por un lado, del referente histórico de un pintor que aplicó esa técnica en su lenguaje personal, y por otro, de un modelo visual basándose en el cual se desarrolla, paso a paso, una obra. También se muestra una galería de distintos finales posibles que explica diversas variables de esa técnica. Finalmente, una ventana a nuevas propuestas deja abierta la propuesta para que el lector la desarrolle a partir de nuevos modelos o desde enfoques formales, cromáticos o compositivos distintos. Esta obra es, sin duda alguna, una útil herramienta de consulta para quien desea ir más allá de la pintura mimética y quiere sentir que la acuarela es un medio de expresión y desarrollo personal, sin que ello signifique renunciar a su conocimiento técnico, sino al contrario: precisamente le conduzca a dar el paso a una acuarela realmente creativa desde la técnica. | |
| 650 | 1 | 4 |
_91003 _aAcuarela |
| 650 | 2 | 4 |
_9336 _aDibujo técnico |
| 650 | 2 | 4 |
_9827 _aTécnicas de dibujo |
| 650 | 2 | 4 |
_9427 _aPintura |
| 700 | 1 |
_91004 _aAsunción, Josep _etextos |
|
| 700 | 1 |
_91005 _aGuasch, Gemma _etextos |
|
| 910 |
_bhfp _chfp |
||
| 942 |
_2ddc _cLIB |
||
| 999 |
_c4136 _d4136 |
||